书目信息 |
| 题名: |
证券法苑
|
|
| 作者: | 黄红元 总编 ;蒋锋 , 卢文道 主编 | |
| 分册: | 第二十四卷(2018年4月) | |
| 出版信息: | 北京 法律出版社 2018 |
|
| 页数: | 445页 | |
| 开本: | 23cm | |
| 丛书名: | ||
| 单 册: | ||
| 中图分类: | D922.287.4 | |
| 科图分类: | ||
| 主题词: | 证券法--中国--文集 | |
| 电子资源: | ||
| ISBN: | 978-7-5197-2257-9 | |
| 000 | 01010nam0 2200265 450 | |
| 001 | 012001008439 | |
| 005 | 20130122173506.0 | |
| 010 | @a978-7-5197-2257-9@dCNY87.00 | |
| 100 | @a20180731d2018 em y0chiy50 ea | |
| 101 | 0 | @achi@eeng |
| 102 | @aCN@b110000 | |
| 105 | @ay z 000yy | |
| 106 | @ar | |
| 200 | 1 | @a证券法苑@9zheng quan fa yuan@h第二十四卷(2018年4月)@b专著@f黄红元总编@g蒋锋,卢文道主编 |
| 210 | @a北京@c法律出版社@d2018 | |
| 215 | @a445页@d23cm | |
| 300 | @a中文社会科学引文索引(CSSI)来源集刊 上海证券交易所主办 | |
| 330 | @a本书包括第六届上证法治论坛扫描、前沿探讨、制度研究、市场观察、金融法制、域外法治等栏目。收录的文章包括《面向发展的适度监管》《私募基金“老鼠仓”行政处罚研究》《上市公司分拆上市的债权人利益保护》等。 | |
| 606 | 0 | @a证券法@y中国@j文集 |
| 690 | @aD922.287.4@v5 | |
| 701 | 0 | @a黄红元@9huang hong yuan@4总编 |
| 702 | 0 | @a蒋锋@9jiang feng@4主编 |
| 702 | 0 | @a卢文道@9lu wen dao@4主编 |
| 801 | 2 | @aCN@b上海新华@c20191020 |
| 905 | @b1134880-3@dD922.287.4@e2092@f4 | |
| 证券法苑.第二十四卷(2018年4月)/黄红元总编/蒋锋,卢文道主编.-北京:法律出版社,2018 |
| 445页;23cm |
| 中文社会科学引文索引(CSSI)来源集刊 上海证券交易所主办 |
| ISBN 978-7-5197-2257-9:CNY87.00 |
| 本书包括第六届上证法治论坛扫描、前沿探讨、制度研究、市场观察、金融法制、域外法治等栏目。收录的文章包括《面向发展的适度监管》《私募基金“老鼠仓”行政处罚研究》《上市公司分拆上市的债权人利益保护》等。 |
| ● |
| 相关链接 |
|
|
|
|
正题名:证券法苑
索取号:D922.287.4/2092
 
预约/预借
| 序号 | 登录号 | 条形码 | 馆藏地/架位号 | 状态 | 备注 |
| 1 | 1134880 | 211348807 | 第一样本阅览室/ [索取号:D922.287.4/2092] | 在馆 | |
| 2 | 1134881 | 211348816 | 第一借阅区/ [索取号:D922.287.4/2092] | 在馆 | |
| 3 | 1134882 | 211348825 | 第一借阅区/ [索取号:D922.287.4/2092] | 在馆 | |
| 4 | 1134883 | 211348834 | 第一借阅区/ [索取号:D922.287.4/2092] | 在馆 |